View of the agriculture of Middlesex (Record no. 113563)
[ view plain ]
| 000 -LEADER | |
|---|---|
| fixed length control field | 00957cam a22001935a 4500 |
| 001 - CONTROL NUMBER | |
| control field | L155424 |
| 008 - FIXED-LENGTH DATA ELEMENTS--GENERAL INFORMATION | |
| fixed length control field | 120321s1798 xxk f 000 0 eng d |
| 035 ## - SYSTEM CONTROL NUMBER | |
| System control number | (Sirsi) u155424 |
| 041 0# - LANGUAGE CODE | |
| Language code of text/sound track or separate title | eng |
| 100 1# - MAIN ENTRY--PERSONAL NAME | |
| Personal name | Middleton, John |
| 245 00 - TITLE STATEMENT | |
| Title | View of the agriculture of Middlesex |
| Remainder of title | with observations on the means of its improvement, and several essays on agriculture in general. Drawn up for the consideration of the Board of Agriculture, by John Middleton, Esq. ... Accompanied by the remarks of several respectable gentlemen and farmers |
| 260 ## - PUBLICATION, DISTRIBUTION, ETC. | |
| Place of publication, distribution, etc. | London |
| Name of publisher, distributor, etc. | printed by B. Macmillan; for G. Nicol; and sold by G. G. and J. Robinson; J. Sewell; Cadell and Davies; W. Creech, Edinburgh; and John Archer, Dublin |
| Date of publication, distribution, etc. | 1798 |
| 300 ## - PHYSICAL DESCRIPTION | |
| Extent | xvii, [3], 597, [1] p., plates, table |
| Other physical details | maps, ills |
| Dimensions | 8o |
| 520 ## - SUMMARY, ETC. | |
| Summary, etc. | With a half-title. |
| 583 ## - ACTION NOTE | |
| Action | Condition reviewed |
| Time/date of action | 20120620 |
| Status | condition level 1 |
| 651 #4 - SUBJECT ADDED ENTRY--GEOGRAPHIC NAME | |
| Geographic name | Great Britain |
| Chronological subdivision | 1707- |
| 690 ## - LOCAL SUBJECT ADDED ENTRY--TOPICAL TERM (OCLC, RLIN) | |
| Topical term or geographic name as entry element | Rural |
| 9 (RLIN) | 6268 |
| 942 ## - ADDED ENTRY ELEMENTS (KOHA) | |
| Suppress in OPAC | 0 |
| Withdrawn status | Lost status | Source of classification or shelving scheme | Damaged status | Not for loan | Home library | Current library | Shelving location | Date acquired | Total Checkouts | Full call number | Barcode | Date last seen | Copy number | Price effective from | Koha item type |
|---|---|---|---|---|---|---|---|---|---|---|---|---|---|---|---|
| Dewey Decimal Classification | Historic collection | Historic collection | Historic collection | 21/03/2012 | OCTAVO 1798 MIDDLETON | 30075367 | 06/08/2019 | 1 | 06/08/2019 | Book |